The Indian media business / (Record no. 2805)

000 -LEADER
fixed length control field 01248cam a2200313 a 4500
001 - CONTROL NUMBER
control field 15979507
003 - CONTROL NUMBER IDENTIFIER
control field OSt
005 - DATE AND TIME OF LATEST TRANSACTION
control field 20180117085949.0
008 - FIXED-LENGTH DATA ELEMENTS--GENERAL INFORMATION
fixed length control field 091110s2010 caua b 001 0 eng
010 ## - LIBRARY OF CONGRESS CONTROL NUMBER
LC control number 2009047619
020 ## - INTERNATIONAL STANDARD BOOK NUMBER
International Standard Book Number 9788132102359 (paper back)
040 ## - CATALOGING SOURCE
Original cataloging agency DLC
Transcribing agency DLC
Modifying agency DLC
043 ## - GEOGRAPHIC AREA CODE
Geographic area code a-ii---
050 00 - LIBRARY OF CONGRESS CALL NUMBER
Classification number P92.I7
Item number K64 2010
082 00 - DEWEY DECIMAL CLASSIFICATION NUMBER
Classification number 302.23
Edition number 22
082 00 - DEWEY DECIMAL CLASSIFICATION NUMBER
Classification number 302.23/0954
Edition number 22
100 1# - MAIN ENTRY--PERSONAL NAME
Personal name Kohli, Vanita.
245 14 - TITLE STATEMENT
Title The Indian media business /
Statement of responsibility, etc. Vanita Kohli-Khandekar.
250 ## - EDITION STATEMENT
Edition statement 3rd ed.
260 ## - PUBLICATION, DISTRIBUTION, ETC.
Place of publication, distribution, etc. Thousand Oaks :
Name of publisher, distributor, etc. Response Books,
Date of publication, distribution, etc. 2010.
300 ## - PHYSICAL DESCRIPTION
Extent xxvii, 373 p. :
Other physical details ill. ;
Dimensions 24 cm.
504 ## - BIBLIOGRAPHY, ETC. NOTE
Bibliography, etc. note Includes bibliographical references (p. [361]-367) and index.
505 0# - FORMATTED CONTENTS NOTE
Formatted contents note Print -- Television -- Film -- Music -- Radio -- Telecommunications -- Internet -- Out-of-home -- Events.
650 #0 - SUBJECT ADDED ENTRY--TOPICAL TERM
Topical term or geographic name entry element Mass media
Geographic subdivision India.
906 ## - LOCAL DATA ELEMENT F, LDF (RLIN)
a 7
b cbc
c orignew
d 1
e ecip
f 20
g y-gencatlg
942 ## - ADDED ENTRY ELEMENTS (KOHA)
Source of classification or shelving scheme
Koha item type Book
Holdings
Withdrawn status Lost status Source of classification or shelving scheme Damaged status Not for loan Collection code Permanent Location Current Location Shelving location Date acquired Total Checkouts Full call number Barcode Date last seen Price effective from Koha item type
            Central Library (CL) Central Library (CL) General Stacks 03/18/2016   302.23 KOH S3H-N-122 03/18/2016 03/18/2016 Book
© 2023 Central Library, National University of Sciences and Technology. All Rights Reserved.